000 00635nam a2200205 4500
005 20260415122047.0
010 _aENG-148282
020 _a9788197004179
_c2500.00
035 _aEN-131814
037 _bDBAD
082 _22025
_a751
100 _aMahammad Isha
_988914
245 _aAn Illustrated Catalogue Of Oil Paintings In The Collection Of The Asiatic Society
_cMahammad Isha
250 _a2025
260 _aKolkata
_bAnant Sinha
270 _aThe Asiatic Society 1 Park Street
_bIndia
_e700016
300 _a215.pg
_c7cm(hb)
700 _aSomnath Mukherjee
_988915
942 _2ddc
_cEN
_e2025
_h751
_mMAH
999 _c215887
_d215887